Detalles MARC
| 000 -LEADER |
| fixed length control field |
01156nam a2200385 4500 |
| 001 - CONTROL NUMBER |
| control field |
177604 |
| 003 - CONTROL NUMBER IDENTIFIER |
| control field |
DO-SdBNP |
| 005 - DATE AND TIME OF LATEST TRANSACTION |
| control field |
20161123095526.0 |
| 007 - PHYSICAL DESCRIPTION FIXED FIELD--GENERAL INFORMATION |
| fixed length control field |
177604 |
| 008 - FIXED-LENGTH DATA ELEMENTS--GENERAL INFORMATION |
| fixed length control field |
920407s1990 sp | |||| ||spa |
| 016 7# - NATIONAL BIBLIOGRAPHIC AGENCY CONTROL NUMBER |
| Record control number |
|
| Source |
BPMSU |
| 017 ## - COPYRIGHT OR LEGAL DEPOSIT NUMBER |
| Copyright or legal deposit number |
|
| Assigning agency |
|
| 020 ## - INTERNATIONAL STANDARD BOOK NUMBER |
| International Standard Book Number |
8434827255 |
| 035 ## - SYSTEM CONTROL NUMBER |
| System control number |
|
| 040 ## - CATALOGING SOURCE |
| Original cataloging agency |
BPMSU |
| Language of cataloging |
spa |
| Transcribing agency |
BPMSU |
| Description conventions |
|
| 041 1# - LANGUAGE CODE |
| Language code of text/sound track or separate title |
spa |
| Language code of original |
|
| 080 #0 - UNIVERSAL DECIMAL CLASSIFICATION NUMBER |
| Universal Decimal Classification number |
|
| 082 ## - DEWEY DECIMAL CLASSIFICATION NUMBER |
| Classification number |
863.6 |
| Item number |
L719q 1990 |
| 100 1# - MAIN ENTRY--PERSONAL NAME |
| Personal name |
Lienas, Gemma |
| Dates associated with a name |
1951- |
| 240 13 - UNIFORM TITLE |
| Uniform title |
<a href="La lluna en un cove">La lluna en un cove</a> |
| Language of a work |
Español |
| 245 10 - TITLE STATEMENT |
| Title |
Querer la luna / |
| Statement of responsibility, etc. |
Gemma Lienas ; ilustraciones de Pablo Echevarría ; traducción Gemma Lienas |
| Medium |
|
| 250 ## - EDITION STATEMENT |
| Edition statement |
2ª ed. |
| 260 ## - PUBLICATION, DISTRIBUTION, ETC. (IMPRINT) |
| Place of publication, distribution, etc. |
Madrid : |
| Name of publisher, distributor, etc. |
SM, |
| Date of publication, distribution, etc. |
1990 |
| 300 ## - PHYSICAL DESCRIPTION |
| Extent |
63 p. : |
| Other physical details |
il. ; |
| Dimensions |
19 cm. |
| 490 ## - SERIES STATEMENT |
| Series statement |
El barco de vapor ; |
| -- |
Serie blanca, |
| Volume/sequential designation |
166 |
| 500 ## - GENERAL NOTE |
| General note |
|
| 586 ## - AWARDS NOTE |
| Awards note |
Premio Nacinal a la mejor labor editorial en literatura infantil |
| 650 ## - SUBJECT ADDED ENTRY--TOPICAL TERM |
| Topical term or geographic name as entry element |
CUENTOS INFANTILES ESPAÑOLES |
| 650 ## - SUBJECT ADDED ENTRY--TOPICAL TERM |
| Topical term or geographic name as entry element |
LITERATURA INFANTIL ESPAÑOLA |
| 700 1# - ADDED ENTRY--PERSONAL NAME |
| Personal name |
Echevarría, Pablo |
| Relator code |
il. |
| 700 1# - ADDED ENTRY--PERSONAL NAME |
| Personal name |
Lienas, Gemma |
| Relator term |
tr. |
| 830 ## - SERIES ADDED ENTRY--UNIFORM TITLE |
| Name of part/section of a work |
Serie blanca, |
| Volume number/sequential designation |
166 |
| Uniform title |
El barco de vapor ; |
| 942 ## - ADDED ENTRY ELEMENTS (KOHA) |
| Source of classification or shelving scheme |
Dewey Decimal Classification |
| Koha item type |
Libros |
| 956 ## - LOCAL ELECTRONIC LOCATION AND ACCESS (OCLC) |
| Host name |
VMATEO |
| Access method |
10 |
| Materials specified |
20151125 |
| Linkage |
BPMSU |
| Field link and sequence number |
0069 |